Colleges of the 2025 New York Knicks - Statistics

General Stats
  • This quiz has been taken 35 times
  • The average score is 7 of 17
Answer Stats
Player College % Correct
Mikal Bridges Villanova
100%
Jalen Brunson Villanova
100%
Josh Hart Villanova
100%
Karl-Anthony Towns Kentucky
79%
OG Anunoby Indiana
68%
Tyler Kolek Marquette
56%
Kevin McCullar Jr. Kansas
32%
Miles McBride West Virginia
29%
Jordan Clarkson Missouri
24%
Pacome Dadiet None
24%
Mohamed Diawara None
24%
Ariel Hukporti None
24%
Mitchell Robinson None
24%
Guerschon Yabusele None
24%
Landry Shamet Wichita State
12%
Tosan Evbuomwan Princeton
6%
Trey Jemison III UAB
6%
No matching quizzes found
Score Distribution
Percent of People with Each Score
Percentile by Number Answered
Your Score History
You have not taken this quiz